Who painted?? - Statistics

General Stats
  • This quiz has been taken 85 times
  • The average score is 25 of 50
Answer Stats
Picture Answer % Correct
Van Gogh
100%
Van Gogh
100%
Van Gogh
100%
da Vinci
95%
da Vinci
95%
da Vinci
95%
Monet
90%
Picasso
90%
Munch
88%
Munch
88%
Michelangelo
85%
Rembrandt
85%
Rembrandt
85%
Klimt
74%
Botticelli
73%
Vermeer
68%
Vermeer
68%
Manet
63%
Degas
62%
Raphael
51%
Renoir
49%
Turner
49%
Turner
49%
Whistler
49%
Hopper
41%
Van Eyck
41%
Delacroix
38%
Wood
38%
Kandinsky
37%
Caravaggio
36%
Cezanne
36%
Mondrian
34%
Constable
30%
Constable
30%
Hokusai
30%
El Greco
29%
Lowry
25%
Seurat
25%
Hals
22%
Friedrich
21%
Gainsborough
21%
Rousseau
21%
Klee
19%
Bruegel
15%
Van Dyke
14%
Millet
10%
Stubbs
8%
Stubbs
8%
Landseer
7%
Reynolds
7%
No matching quizzes found
Score Distribution
Percent of People with Each Score
Percentile by Number Answered
Your Score History
You have not taken this quiz